[Event "1st Easter Festival-A 2021"]
[Site "Bassano del Grappa"]
[Date "2021.04.04"]
[Round "8.7"]
[White "Travadon, Loic"]
[Black "Schreiner, Peter"]
[Result "1/2-1/2"]
[WhiteElo "2414"]
[BlackElo "2458"]
[Annotator "TA"]
[PlyCount "228"]
[EventDate "2021.04.01"]
[EventType "swiss"]
[EventCountry "ITA"]
[SourceTitle "playchess.com"]
[Source "ChessBase"]
[SourceQuality "1"]

{[%evp 20,228,18,0,18,0,15,25,8,7,61,71,75,67,64,49,62,23,62,0,0,0,0,-23,-27,-43,-38,-36,57,57,57,52,56,56,57,53,52,53,56,56,57,55,89,89,89,64,89,89,89,66,66,66,88,88,97,96,93,81,81,81,81,81,61,66,64,73,81,81,81,52,87,87,94,95,97,81,91,0,0,0,0,0,0,0,0,0,0,0,10,13,13,13,13,15,12,10,10,10,15,12,34,34,58,47,79,70,133,135,133,66,65,34,52,53,57,19,36,14,43,8,8,8,8,8,13,8,8,13,30,0,0,0,47,0,8,8,8,8,10,0,0,0,8,0,64,64,64,64,64,64,64,64,64,64,64,64,64,50,50,50,50,50,64,64,64,64,64,50,64,50,50,50,50,50,50,50,50,50,50,50,50,8,8,8,8,8,8,8,8,0,8,8,8,8,47,8,8,8,8,8,8,8,8,8,8,8,8,8,8,0,0]} 1. Nf3 Nf6 2. c4 c5 3. g3 d5 4. cxd5 Nxd5 5. Bg2 Nc6 6. Nc3 Nc7 7. O-O e5 8. b3 Be7 9. Bb2 O-O 10. Rc1 f6 11. Ne1 Bd7 {A34: Symmetrical English: 2 Nc3, lines with ...d5.} 12. Nd3 Rc8 13. f4 exf4 {White has an edge.} 14. Nxf4 Be8 (14... Kh8 $11) 15. e3 $14 b6 {[#]} 16. Ncd5 $146 (16. d4 $5) ({Predecessor:} 16. Qe2 Ne5 17. Rcd1 g5 18. d4 cxd4 19. exd4 Ng6 20. Nfd5 Nxd5 21. Nxd5 Bd7 22. Nxe7+ Qxe7 23. Qxe7 Nxe7 {1-0 (33) Kahlert,T (2150)-Atri,J (1964) Hamburg 2017}) 16... Nxd5 17. Bxd5+ Bf7 18. Be4 Ne5 19. Bxe5 ({White should try} 19. Bf5 $14) 19... fxe5 $11 20. Nd3 Qd6 21. Qg4 g6 22. Qe2 c4 23. Rxf7 cxd3 (23... Kxf7 $15 24. bxc4 Kg7) 24. Rxf8+ $14 Bxf8 25. Qd1 Rxc1 26. Qxc1 Qc5 27. Qf1 Kg7 28. Bxd3 Qd6 29. Bc4 Qf6 30. Qg2 h5 31. Qb7+ Qe7 32. Qd5 Kh6 33. Kf1 Qd6 34. Qg8 Bg7 35. Ke2 Qc6 36. Bd5 Qb5+ {[#]} 37. Ke1 $1 Qd3 38. Qf7 Qb1+ 39. Ke2 Qxa2 40. Be4 {[%csl Ge4][%cal Rf7g6]} Qa6+ 41. Bd3 {[%csl Gd3][%cal Rf7g6]} b5 42. Qd7 Qf6 43. Qxb5 Qe6 44. Kd1 Qd6 45. Be4 Qe6 {...Qg4+ is the strong threat.} 46. Kc2 Qc8+ 47. Kb1 Qg4 48. Bc2 ({Better is} 48. Qd3 $16) 48... Qf3 $11 {aiming for ...Qh1+.} 49. Ka2 Qh1 {Strongly threatening ...e4.} 50. Qe2 e4 {[%csl Gg7][%cal Rh1a1]} 51. Bd1 Bf8 52. Kb2 Bb4 53. Kc2 Qg1 54. Qc4 {[%mdl 64] [#] Double Attack} a5 55. Qxe4 Qxh2 56. Qf4+ Kg7 57. Qd4+ Kh7 58. g4 {next gxh5 is good for White.} Qc7+ 59. Kb1 hxg4 60. Bxg4 Bd6 61. Bd1 Be5 62. Qe4 Bd6 (62... Qd6 $14) 63. Bc2 $16 Qf7 64. Ka2 (64. Qh4+ $16 Kg7 65. Qd4+ Qf6 66. Qa7+ Kh6 67. Qxa5) 64... Bb4 $14 65. d3 Qf5 66. Qg2 Qe6 67. Qg3 Kg7 68. d4 a4 $1 69. Qc7+ (69. Kb2 {seems wilder.} Qd6 70. Qg5 Ba3+ 71. Ka2 axb3+ 72. Bxb3 Bb4 73. Kb1) 69... Be7 70. Qc3 axb3+ 71. Bxb3 Qa6+ 72. Kb2 Qe2+ 73. Bc2 Qb5+ 74. Kc1 (74. Qb3 $5 {[%cal Rb3b5]} Qxb3+ 75. Kxb3 $14 (75. Bxb3 Kf6 $14)) 74... Qf1+ 75. Bd1 Bg5 76. Kd2 Qf2+ 77. Be2 Kh6 78. d5 {[%cal Rc3h8]} Qf6 (78... Bf6 {seems wilder.} 79. Qd3 Qh4 80. Qb5 Qh2 81. Qb3 Qe5) 79. Qb4 (79. Qxf6 {is interesting.} Bxf6 80. Kd3 Be5 81. Kc4 Kg5 82. Kc5) 79... Qe5 80. Qf8+ Kh7 81. Qc5 (81. Qf7+ {keeps more tension.} Kh6 82. Qf3 Kg7 83. Bd3 Be7 84. Qg4) 81... Bxe3+ 82. Qxe3 Qxd5+ 83. Bd3 Qa2+ 84. Ke1 Qa1+ 85. Kf2 Qf6+ 86. Kg2 Kg7 87. Kh3 (87. Kg1 {feels hotter.} Qa1+ 88. Kf2 Qf6+ 89. Kg2 Qc6+ 90. Kg1) 87... Qf7 88. Be4 (88. Be2 {seems wilder.} Qf5+ 89. Kg2 Kf6 90. Qb6+ Kg7 91. Qd4+) 88... Qe6+ 89. Kg3 Qe5+ 90. Kg2 Qf6 91. Qd2 Qe7 92. Qd5 Kh6 93. Kh3 (93. Qd4 {with more complications.} Kg5 94. Qe3+ Kf6 95. Qf4+ Kg7 96. Bf3) 93... Kg7 94. Kg4 Qf6 95. Qc4 Qf7 96. Qc6 Qf6 97. Qe8 Qf7 98. Qc8 Qf6 99. Qb7+ Qf7 100. Qa8 Qe6+ 101. Kg3 Qe5+ 102. Kf3 Qf6+ 103. Kg2 Qg5+ 104. Kf3 Qf6+ 105. Ke2 Qb2+ 106. Kd3 Qf6 (106... Qb5+ {is more complex.} 107. Kc3 Qc5+ 108. Kb2 Qd4+ 109. Kc1 Qc4+) 107. Bd5 Qf1+ {The position is equal.} 108. Kc3 Qc1+ 109. Kb4 Qb2+ (109... Qd2+ {looks sharper.} 110. Kc5 Qf2+ 111. Kc6 Qf6+ 112. Kb7 Qe7+) 110. Kc5 Qf2+ 111. Kc6 Qf6+ 112. Kd7 Qf5+ 113. Be6 Qb5+ 114. Kd8 Qb6+ {Weighted Error Value: White=0.07/Black=0.11} 1/2-1/2

[Event "1st Easter Festival-A 2021"]
[Site "Bassano del Grappa"]
[Date "2021.04.04"]
[Round "8.8"]
[White "Dragnev, Valentin"]
[Black "Maerevoet, Sim"]
[Result "1-0"]
[WhiteElo "2564"]
[BlackElo "2381"]
[Annotator "TA"]
[PlyCount "96"]
[EventDate "2021.04.01"]
[EventType "swiss"]
[EventCountry "ITA"]
[SourceTitle "playchess.com"]
[Source "ChessBase"]
[SourceQuality "1"]

{[%evp 18,96,7,0,7,16,9,0,14,-5,0,9,10,-11,0,-6,28,28,30,12,19,19,27,19,19,20,18,16,18,18,17,21,16,18,16,0,0,0,0,0,0,0,8,7,7,0,0,0,0,0,0,0,0,0,6,4,2,4,8,6,8,0,0,0,130,146,2337,2237,1652,1347,5293,5265,6095,6119,6095,6095,6095,5418,6139,6095,5206]} 1. e4 c6 2. Nf3 d5 3. Nc3 dxe4 4. Nxe4 Nf6 5. Nxf6+ exf6 6. Bc4 Bd6 7. Qe2+ Qe7 8. O-O Qxe2 9. Bxe2 O-O 10. d4 Bf5 {B15: Caro-Kann: 3 Nc3: 3...g6 and 3...dxe4 4 Nxe4 Nf6 5 Nxf6+ exf6.} 11. c3 Re8 12. Re1 Nd7 {The position is equal.} 13. Be3 Re7 {[#]} 14. Bf1 $146 ({Predecessor:} 14. Bc4 b5 15. Bb3 a5 16. a3 a4 17. Ba2 Rae8 18. Nh4 Be6 19. Bxe6 Rxe6 20. Nf3 {1-0 (67) Ramos,M-Alvaro Rada,G Zaragoza 2005}) 14... Rae8 15. Rec1 Bg4 16. Ne1 c5 17. Nd3 {[%cal Rd4c5]} c4 18. Nc5 (18. Ne1 {with more complications.} Nb6 19. g3 h5 20. Ng2 g6 21. Bd2) 18... Nxc5 19. dxc5 Rxe3 20. cxd6 R3e6 21. f3 Bf5 22. Rd1 Rd8 23. Rd5 Bd3 24. Bxd3 cxd3 $11 {[%mdl 4096] Endgame KRR-KRR} 25. d7 Re7 26. Rxd3 {Black should prevent Rad1.} (26. Rd1 {is interesting.} Rexd7 27. Rxd7 Rxd7 28. Kf2 Kf8 29. Ke3) 26... Rexd7 27. Rxd7 Rxd7 {KR-KR} 28. Re1 {[%cal Re1e8]} Kf8 29. Kf2 Rd2+ 30. Re2 Rd1 31. c4 f5 32. Ke3 Ke7 33. Rc2 Ke6 34. Rd2 Rh1 35. h3 Re1+ 36. Kd4 g5 37. b4 h5 38. c5 g4 39. Rc2 Rd1+ 40. Ke3 g3 (40... Rb1 $11 {keeps the balance.}) 41. b5 $1 $16 Kd7 {[%mdl 8192] [#] A mistake that costs the game.} (41... Ke5 $16) 42. Rd2+ $1 $18 {White is clearly winning.} Rxd2 43. Kxd2 {KP-KP} Ke6 44. Ke3 Kd5 {[#]} 45. c6 $1 {[%cal Rc6b7]} bxc6 46. bxc6 Kxc6 47. Kf4 $1 {[%csl LRf5,LRg3]} Kc5 48. Kxg3 Kd5 {Weighted Error Value: White=0.03/Black=0.14} 1-0

[Event "1st Easter Festival-A 2021"]
[Site "Bassano del Grappa"]
[Date "2021.04.04"]
[Round "8.9"]
[White "Yu, Jennifer"]
[Black "Bellahcene, Bilel"]
[Result "0-1"]
[WhiteElo "2275"]
[BlackElo "2517"]
[Annotator "TA"]
[PlyCount "78"]
[EventDate "2021.04.01"]
[EventType "swiss"]
[EventCountry "ITA"]
[SourceTitle "playchess.com"]
[Source "ChessBase"]
[SourceQuality "1"]

{[%evp 23,78,-5,-5,-12,-5,-28,-7,-29,-36,-33,-32,-29,-25,-33,-26,-29,-26,-39,-36,-36,-12,-27,-12,-27,-33,-22,-29,-64,-64,-46,-20,-51,-46,-51,-46,-74,-75,-128,-111,-164,-148,-202,-169,-653,-644,-596,-465,-779,-794,-788,-782,-789,-779,-1074,-1006,-1047,-984]} 1. c4 b6 2. Nc3 Bb7 3. e3 e6 4. Nf3 Nf6 5. b3 d5 6. Bb2 a6 7. d4 Bd6 8. Bd3 Nbd7 9. cxd5 exd5 10. O-O O-O 11. Ne2 Qe7 12. Rc1 Ne4 13. Qc2 {E14: Queen's Indian: Classical Variation (4 e3).} Rac8 {[#]} 14. Nd2 $146 ({Predecessor:} 14. Nf4 Rfe8 15. Qe2 Ra8 16. Qc2 Rac8 17. Qe2 b5 18. a4 c6 19. Nd2 Ng5 20. Qg4 {0-1 (38) Mekhitarian,K (2554)-Andreikin,D (2725) Chess.com INT 2021}) 14... Rfe8 15. Bxe4 {The position is equal.} (15. Nf4 {keeps more tension.}) 15... dxe4 16. Nc4 Nf6 17. Nxd6 Qxd6 18. Ng3 Qe6 19. Rfe1 Nd5 20. Ba3 Qg6 21. Qe2 Nf6 22. Rc2 h5 23. h3 h4 24. Nf1 Nd5 25. Qg4 Qxg4 26. hxg4 Rcd8 27. f4 Bc8 28. g5 f6 29. gxf6 gxf6 30. Kf2 (30. Nd2 $142) 30... Kf7 $17 31. Nd2 {[#]} (31. Rec1 $17 {is a better defense.}) 31... Bf5 $1 $19 32. Rcc1 (32. Rh1 $17 Rg8 33. Rh2) 32... Rg8 33. Nb1 $2 {[#]} (33. Rh1) 33... Rg3 $1 {Black is clearly winning.} 34. Rg1 Rdg8 {And now ...h3 would win.} 35. Rce1 (35. Nc3 $142 Nxc3 36. Rxc3) 35... h3 {[%mdl 64] Overworked Piece} 36. gxh3 Rf3+ 37. Ke2 Rxe3+ 38. Kd2 Rxe1 39. Rxe1 Rg2+ {Weighted Error Value: White=0.71/Black=0.08} 0-1

[Event "1st Easter Festival-A 2021"]
[Site "Bassano del Grappa"]
[Date "2021.04.04"]
[Round "8.10"]
[White "Diermair, Andreas"]
[Black "Lumachi, Gabriele"]
[Result "1/2-1/2"]
[WhiteElo "2487"]
[BlackElo "2316"]
[Annotator "RC"]
[PlyCount "52"]
[EventDate "2021.04.01"]
[EventType "swiss"]
[EventCountry "ITA"]
[SourceTitle "playchess.com"]
[Source "ChessBase"]
[SourceQuality "1"]
[TimeControl "5400+30"]

1. c4 {[%emt 0:00:00]} e6 {[%emt 1:30:30]} 2. g3 {[%emt 0:00:00]} d5 {[%emt 0:00:00]} 3. Bg2 {[%emt 0:00:02]} Nf6 {[%emt 0:00:00]} 4. Nf3 {[%emt 0:00:14]} c5 {[%emt 0:00:00]} 5. O-O {[%emt 0:00:39]} Be7 {[%emt 0:00:00]} 6. d4 {[%emt 0:00:43]} Nc6 {[%emt 0:00:00]} 7. dxc5 {[%emt 0:01:35]} O-O {[%emt 0:00:00]} 8. cxd5 {[%emt 0:02:25]} Nxd5 {[%emt 0:00:00]} 9. a3 {[%emt 0:07:48]} Bxc5 {[%emt 0:00:00]} 10. b4 {[%emt 0:03:34]} Be7 {[%emt 0:00:00]} 11. Bb2 {[%emt 0:00:07]} Bf6 {[%emt 0:00:00]} 12. Qb3 {[%emt 0:00:45]} Bd7 {[%emt 0:00:00]} 13. Nbd2 {[%emt 0:08:35]} a5 {[%emt 0:00:00]} 14. e4 {[%emt 0:03:58]} Nb6 {[%emt 0:00:00]} 15. Bxf6 {[%emt 0:00:37]} gxf6 {[%emt 0:00:00]} 16. bxa5 {[%emt 0:10:26]} Nxa5 {[%emt 0:00:00]} 17. Qe3 {[%emt 0:00:23]} Nbc4 {[%emt 0:00:00]} 18. Nxc4 {[%emt 0:06:10]} Nxc4 {[%emt 0:00:00]} 19. Qh6 {[%emt 0:00:10]} Bc6 {[%emt 0:00:00]} 20. e5 {[%emt 0:08:13]} Nxe5 {[%emt 0:00:00]} 21. Nxe5 {[%emt 0:00:11]} fxe5 {[%emt 0:00:00]} 22. Bxc6 {[%emt 0:00:42]} bxc6 {[%emt 0:00:00]} 23. Rad1 {[%emt 0:00:34]} Qe7 {[%emt 0:00:00]} 24. Rd7 {[%emt 0:00:14]} Qxd7 {[%emt 0:00:00]} 25. Qg5+ {[%emt 0:00:03]} Kh8 {[%emt 0:00:00]} 26. Qf6+ {[%emt 0:00:02]} Kg8 {[%emt 0:00:00]} 1/2-1/2

[Event "1st Easter Festival-A 2021"]
[Site "Bassano del Grappa"]
[Date "2021.04.05"]
[Round "9.1"]
[White "Checa, Nicolas"]
[Black "Bjerre, Jonas Buhl"]
[Result "1/2-1/2"]
[WhiteElo "2546"]
[BlackElo "2549"]
[Annotator "TA"]
[PlyCount "49"]
[EventDate "2021.04.01"]
[EventType "swiss"]
[EventCountry "ITA"]
[SourceTitle "playchess.com"]
[Source "ChessBase"]
[SourceQuality "1"]

{[%evp 25,47,0,0,0,0,0,0,0,0,0,0,0,0,0,0,0,0,0,0,0,7,0,0,0]} 1. d4 Nf6 2. c4 e6 3. Nf3 d5 4. Nc3 dxc4 5. e4 Bb4 6. Bg5 c5 7. Bxc4 cxd4 8. Nxd4 Bxc3+ 9. bxc3 Qa5 10. Bxf6 Qxc3+ 11. Kf1 gxf6 12. Rc1 Qa5 13. Bb5+ Ke7 {The position is equal.} 14. e5 {D39: Queen's Gambit Declined: Ragozin Defence with 5 Bg5 dxc4.} fxe5 15. Qh5 $1 {[%cal Rh5e5]} Nd7 ({Avoid the trap} 15... exd4 $2 16. Qg5+ f6 17. Qc5+ Kf7 {[#]} 18. Be8+ $1 {[%mdl 512]} Kxe8 19. Qxa5 $18) 16. Qg5+ Kf8 $1 17. Rxc8+ {[%mdl 64] [#] Remove Defender} Rxc8 18. Bxd7 {Intending Nxe6+! and mate.} Qd8 $1 {[%cal Rd8g5]} ({Not} 18... h6 19. Nxe6+ fxe6 20. Qf6+ Kg8 21. Bxe6+ Kh7 22. Qf7#) 19. Nxe6+ fxe6 20. Qh6+ Ke7 21. Qxe6+ {[%mdl 64] Double Attack} Kf8 {Hoping for ...Rc1+.} 22. Qh6+ Ke7 23. Qe6+ Kf8 {Strongly threatening ...Rc1+.} 24. Qh6+ {[#] Not much happened in this game.  Weighted Error Value: White=0.01/Black=0.01} {Predecessor:} Kf7 $146 25. Qe6+ {½-½ (25) Yilmaz,M (2622)-Lupulescu,C (2628) Achaea 2016} 1/2-1/2

[Event "1st Easter Festival-A 2021"]
[Site "Bassano del Grappa"]
[Date "2021.04.05"]
[Round "9.2"]
[White "Shetty, Atulya"]
[Black "Niemann, Hans Moke"]
[Result "1-0"]
[WhiteElo "2447"]
[BlackElo "2526"]
[Annotator "TA"]
[PlyCount "80"]
[EventDate "2021.04.01"]
[EventType "swiss"]
[EventCountry "ITA"]
[SourceTitle "playchess.com"]
[Source "ChessBase"]
[SourceQuality "1"]

{[%evp 9,80,0,3,15,16,0,0,-14,-10,-16,0,-31,-31,-73,-68,-97,0,0,0,0,0,0,-4,0,12,12,12,0,26,12,39,22,8,0,0,0,0,0,25,23,50,41,57,56,70,60,75,12,16,8,20,12,12,8,12,13,67,0,557,0,10,0,29,12,39,37,64,8,9,0,194,186,929]} 1. c4 c6 2. g3 d5 3. Bg2 e5 4. cxd5 cxd5 5. d4 e4 6. Nc3 {A20: English Opening: 1...e5.} Bb4 7. f3 Nf6 8. Bg5 {[%cal Rf3e4] The position is equal.} Nbd7 9. Qb3 Bxc3+ 10. bxc3 h6 11. Bf4 O-O {[#]} 12. fxe4 $146 ({Predecessor:} 12. Nh3 Nb6 13. O-O exf3 14. exf3 Bf5 15. Nf2 Rc8 16. Rfe1 Qd7 17. Re5 Rc6 18. g4 {0-1 (26) Raicevic,M (2338)-Milosevic,M (2249) Belgrade 2017}) 12... Nxe4 ({Better is} 12... dxe4 $17 13. c4 Nb6) 13. Qxd5 $11 Ndf6 14. Qxd8 Rxd8 15. Bc7 Re8 16. Be5 $1 Be6 17. Bxf6 Nxf6 18. Kd2 Rac8 19. e4 b5 20. Ne2 Bc4 21. e5 Rcd8 $1 22. Rhe1 Rxe5 23. Nf4 Rf5 24. a4 a5 25. axb5 Rxb5 26. Reb1 Rdb8 27. Rxb5 Rxb5 28. Kc2 (28. Nd3 $16) 28... Ng4 29. Re1 a4 {Threatening ...a3.} 30. Re8+ Kh7 31. Be4+ g6 {White must now prevent ...Nf6.} 32. Bd3 Bb3+ (32... Bxd3+ $11 33. Nxd3 a3) 33. Kd2 $14 Bc4 {[%mdl 8192] [#]} 34. Kc2 $2 ({White must play} 34. Bxc4 $18 Rb7 35. Ra8) 34... Bb3+ $11 35. Kb2 Rb7 36. Ka3 Nxh2 37. c4 Ng4 38. d5 (38. c5 $14) 38... Nf6 39. Rc8 {Strongly threatening d6.} Kg7 $2 {[#]} (39... Bd1 $11 {and Black stays safe.} 40. d6 Rb3+ 41. Ka2 Bg4) 40. d6 $1 $18 {[%mdl 1024] White has strong compensation.} g5 $2 {Weighted Error Value: White=0.24/Black=0.46} (40... Bd1) 1-0

[Event "1st Easter Festival-A 2021"]
[Site "Bassano del Grappa"]
[Date "2021.04.05"]
[Round "9.3"]
[White "Dragnev, Valentin"]
[Black "Bernadskiy, Vitaliy"]
[Result "1-0"]
[WhiteElo "2564"]
[BlackElo "2599"]
[Annotator "TA"]
[PlyCount "147"]
[EventDate "2021.04.01"]
[EventType "swiss"]
[EventCountry "ITA"]
[SourceTitle "playchess.com"]
[Source "ChessBase"]
[SourceQuality "1"]

{[%evp 9,147,46,50,41,52,42,62,23,41,0,18,18,19,19,12,1,35,15,59,61,45,24,30,18,26,22,97,99,83,68,92,102,126,128,164,161,161,157,190,172,191,191,191,180,247,246,236,205,203,209,226,222,184,121,127,91,55,65,64,32,27,0,43,40,83,0,60,48,53,0,31,0,0,8,0,0,0,0,0,0,0,0,44,27,283,284,264,273,362,317,681,677,671,502,489,369,412,375,382,100,91,18,21,0,-9,-57,-48,-147,-130,-92,-95,-733,-81,-337,-334,-307,-300,-274,0,0,0,0,0,0,0,0,0,0,5875,3698,29979,29980,29979,29980,29982,29975,29985,29986,29986,29985]} 1. e4 e6 2. d4 d5 3. Nc3 Nc6 4. Be3 Nge7 5. Nf3 dxe4 6. Nxe4 {C10: French with 3 Nc3: Unusual Black 3rd moves and 3...dxe4.} Nf5 7. Qd2 Be7 8. Bc4 {White is slightly better.} O-O 9. O-O-O Nb4 {[#]} 10. Kb1 $146 ({Predecessor:} 10. a3 Nd5 11. g4 Nfxe3 12. fxe3 b6 13. Rhg1 Bb7 14. Bd3 c5 15. dxc5 bxc5 16. c4 {1-0 (34) Conlon,J (2205)-Redmond,J (2210) Sunningdale 2008}) 10... b5 11. Bxb5 Rb8 12. Bc4 Bb7 13. Nc3 Bxf3 14. gxf3 c6 15. Rhg1 Nd5 16. Ne4 Qb6 {[%csl Gb8][%cal Rb6b2]} 17. Bb3 Rfd8 (17... a5 $11 18. Nc5 Ndxe3 19. fxe3 Bxc5 20. dxc5 Qxc5) 18. c4 $16 Ndxe3 19. fxe3 a5 20. c5 $36 {[%mdl 2048] White is in control.} Qa7 21. Qc3 Rb4 22. a3 Rbb8 23. Bc2 Qc7 24. f4 g6 25. Nd2 Bf6 26. Nc4 Ne7 (26... Ra8 $142 27. Qe1 Bg7) 27. Qxa5 $18 Qb7 28. Be4 Qb3 29. Rc1 Nd5 30. Bxd5 Qd3+ 31. Ka1 ({White should try} 31. Ka2 $1 $18 exd5 32. Rc3 $1) 31... exd5 $16 32. Rgd1 Qb3 33. Nb6 Qxe3 34. Qd2 Qe4 35. Rc3 Qf5 36. Re3 Kg7 37. Re2 (37. Qd3 $1 $16) 37... Qg4 (37... Re8 $11) 38. Ka2 Bh4 39. Rf1 (39. h3 $5 {[%cal Rh3g4]} Qf5 40. a4 $14) 39... Re8 40. Re3 (40. Re5 $5 {[%cal Rd2e3]}) 40... Bf6 41. a4 Rxe3 42. Qxe3 Rb7 $1 43. a5 Qg2 44. Rf2 Qg1 45. Qd2 $1 Re7 {With the idea ...Re1.} 46. Re2 {aiming for Rxe7.} Rxe2 {[%mdl 8192]} (46... Re4 $11) 47. Qxe2 $18 Qxd4 {[#]} ({But not} 47... Bxd4 $2 48. a6 $18) 48. Qc2 (48. a6 Qxc5 49. Nd7 Qa5+ 50. Kb1 Bd4 $11) 48... Qb4 ({And not} 48... Qxf4 49. a6 $16) 49. a6 {Black must now prevent a7.} Qa5+ $2 (49... d4) 50. Qa4 Qxc5 51. Nd7 Qa7 52. Qxc6 Be7 53. Qb5 Bd6 {[#]} 54. Nb6 $2 (54. Ne5 $1 $18 {is the precise move to win.}) 54... Bxf4 $16 55. Nxd5 ({White should play} 55. h4 $16) 55... Bxh2 $11 56. Qc4 Be5 {Strongly threatening ...h5.} 57. b4 (57. Nb4 $5 {[%cal Rb4c6]} Qb6 58. Nd3 $11) 57... h5 $1 58. b5 (58. Kb3 $1 $15) 58... Qf2+ $17 59. Kb3 h4 60. Qd3 $2 {[%mdl 8192]} (60. Qe4 $17 Qb2+ 61. Kc4) 60... Qg2 $2 (60... Qb2+ $19 {has better winning chances.} 61. Ka4 Qa1+ 62. Kb3 h3 {[%mdl 64] Deflection} 63. Qxh3 Qd1+ {[%mdl 64] Double Attack} 64. Ka3 Bd6+ 65. Nb4 Qa1+ 66. Kb3 Qb1+ 67. Kc3 Qxb4+ {[%mdl 64] Double Attack} 68. Kc2 Qxb5) 61. Ne3 $2 {[%mdl 8192]} ({Not} 61. a7 $2 Qb2+ 62. Kc4 Qa2+ 63. Kb4 Bd6+ 64. Kc3 Qxa7 $19) (61. b6 $17 {is the only way for White.}) 61... Qb2+ $19 62. Kc4 h3 63. Nf1 h2 $2 (63... Qa2+ $19 64. Kb4 Qb2+ 65. Kc5 Qf2+ 66. Kb4 Qh4+ 67. Qc4 Qd8) 64. Nxh2 $1 $11 Qxh2 (64... Bxh2 $5 65. a7 $8 Qa2+ 66. Qb3 Qe2+ 67. Qd3 Qe8 $11) 65. b6 {Threatens to win with a7.} Qa2+ 66. Kc5 Bh2 {Hoping for ...Bg1+.} 67. Qd4+ f6 68. a7 Qg2 $2 {[%mdl 8192]} (68... Bg1 $11 69. Qxg1 Qc2+ 70. Kd5 Qb3+ 71. Kc6 Qf3+ 72. Kd7 Qd5+ 73. Ke7 Qe5+ 74. Kd8 Qd5+ 75. Ke8 Qe5+ 76. Kd8 Qd5+ 77. Ke8 Qe5+ 78. Kd8) 69. Qd5 $18 Bg1+ 70. Kc6 {White mates.} Qc2+ 71. Kb7 Qb2 72. Qc6 Bxb6 73. Qxb6 Qg2+ 74. Kb8 {A wild game.  Weighted Error Value: White=0.45/Black=0.36} 1-0

[Event "1st Easter Festival-A 2021"]
[Site "Bassano del Grappa"]
[Date "2021.04.05"]
[Round "9.4"]
[White "Martin Duque, Jesus"]
[Black "Moroni, Luca Jr"]
[Result "1/2-1/2"]
[WhiteElo "2439"]
[BlackElo "2552"]
[Annotator "TA"]
[PlyCount "98"]
[EventDate "2021.04.01"]
[EventType "swiss"]
[EventCountry "ITA"]
[SourceTitle "playchess.com"]
[Source "ChessBase"]
[SourceQuality "1"]

{[%evp 10,98,31,32,47,22,39,37,97,57,81,68,73,54,110,103,105,103,118,125,147,116,129,97,125,113,120,112,103,104,117,104,109,95,137,139,140,71,114,58,70,68,87,65,108,16,18,0,0,0,0,0,0,0,0,0,0,-18,55,-8,-13,-6,0,0,0,0,0,0,0,0,0,0,0,0,0,0,0,0,0,0,0,0,0,0,0,0,0,0,0,0,0]} 1. e4 g6 2. d4 Bg7 3. Nc3 d6 4. Be3 a6 5. Nf3 Nf6 6. Qd2 b5 {6...0-0 deserves study. B08: Pirc Defence: Classical System.} 7. Bd3 Bb7 8. Bh6 O-O (8... Bxh6 $14 9. Qxh6 e6) 9. Bxg7 Kxg7 10. e5 Nd5 11. Be4 {[#]} Nxc3 $146 (11... e6 $14) ({Predecessor:} 11... e6 12. O-O dxe5 13. Nxe5 Nd7 14. Rfe1 Nxe5 15. dxe5 Qe7 16. Nxd5 exd5 17. Bf3 c5 18. Qd4 cxd4 {0-1 (18) Niewold,J (1749)-Stadler,P (1609) IECG email 2003}) 12. Bxb7 $16 Ra7 13. Qxc3 {Hoping for Be4.} Rxb7 14. O-O-O Qd7 15. h4 h5 16. d5 {Black must now prevent e6+.} b4 17. Qe3 Qf5 18. Rd4 dxe5 19. Nxe5 Nd7 20. Nc6 Nf6 21. Rhd1 ({Wrong is} 21. Qxe7 $2 Re8 $19) ({Much weaker is} 21. Rxb4 $6 Rxb4 22. Nxb4 a5 $11) ({Don't play} 21. Nxb4 $6 a5 $14) 21... Rb5 {[%cal Rf6d5]} 22. Nxe7 Qd7 23. Nc6 (23. a4 $142 $1 {[%cal Ra4b5]} bxa3 24. Qxa3) 23... Re8 24. Qf3 ({Better is} 24. Qd2 $16) 24... Qd6 $14 25. g3 a5 {[#]} 26. Qd3 $1 {[%cal Rd3b5]} Rc5 {[#]} 27. f4 ({White should play} 27. a3 $1 $16) 27... Ng4 $11 28. Re4 Rxe4 29. Qxe4 Nf6 {[%mdl 64] Double Attack} 30. Qe5 Qxe5 31. Nxe5 Nxd5 {[%mdl 4096] Endgame KRN-KRN} 32. Nd7 Rb5 33. Re1 f6 ({Black should try} 33... Nb6 $11 34. Nb8 Kf6) 34. Kd2 (34. a4 $1 $14 Rb7 35. Re6) 34... Kf7 {The position is equal.} 35. Kd3 $1 Nb6 (35... c6 {is more complex.} 36. Kc4 Ne7 37. Nc5 Nc8 38. Rd1 Nb6+) 36. Nxb6 cxb6 {KR-KR} 37. Kd4 Rc5 38. Re2 g5 (38... Rc8 {feels hotter.} 39. c3 bxc3 40. bxc3 b5 41. Rb2 Rc4+) 39. fxg5 fxg5 40. c4 bxc3 41. bxc3 gxh4 42. gxh4 Rf5 43. c4 Rf4+ 44. Kd5 Rxh4 45. Rb2 Rg4 46. Rxb6 Rg5+ 47. Kd4 Rg4+ 48. Kd5 Rg5+ 49. Kd4 Rg4+ {Weighted Error Value: White=0.13/Black=0.10} 1/2-1/2